John Piper : February 3-21, 1948 February 3-21, 1948
Descripción Física:
[8] pàg. : il. ; 17 cm
Materias:
Piper, John, -- 1903-1992
; Piper, John, -- 1903-1992 -- Catàlegs
; Fons Joan Junyer i Pascual (1909-1994)
; Art anglès -- S. XX -- Catàlegs
; Pintura italiana -- S. XX -- Catàlegs
; Fulletons
Idioma:
English
MARC
| LEADER | 00000nam a22000007a 4500 | ||
|---|---|---|---|
| 001 | 24806 | ||
| 003 | AGDB | ||
| 005 | 20260324181538.0 | ||
| 008 | 251023b -us||||| |||| 00| 0 eng d | ||
| 041 | |a eng | ||
| 100 | |a Piper, John, |d 1903-1992 |9 72672 | ||
| 245 | |a John Piper : |b February 3-21, 1948 | ||
| 300 | |a [8] pàg. : |b il. ; |c 17 cm | ||
| 500 | |a Prové del fons Joan Junyer i Pascual (1909-1994) | ||
| 600 | 0 | |a Piper, John, |d 1903-1992 |9 72672 | |
| 600 | 0 | |a Piper, John, |d 1903-1992 |v Catàlegs |9 72675 | |
| 650 | |a Fons Joan Junyer i Pascual (1909-1994) |9 72777 | ||
| 650 | 0 | |a Art anglès |y S. XX |v Catàlegs |9 72673 | |
| 650 | 0 | |a Pintura italiana |y S. XX |v Catàlegs |9 72674 | |
| 655 | 0 | |a Fulletons |9 55858 | |
| 710 | |a Bucholz Gallery (Nova York, Nova York) |9 72491 | ||
| 710 | |a Curt Valentin Gallery (Nova York, Nova York) |9 72435 | ||
| 942 | |2 udc |c ARXIU |n 1 | ||
| 952 | |0 0 |1 0 |4 0 |6 F504138 |7 1 |9 98558 |a Arxiu |b Arxiu |d 2025-10-23 |l 0 |o F-504-138 |p 24806 |r 2025-10-23 13:30:43 |w 2025-10-23 |y ARXIU | ||
| 999 | |c 130309 |d 130309 | ||